| 000 | 01319nam a2200253Ia 4500 | ||
|---|---|---|---|
| 999 |
_c38033 _d38033 |
||
| 001 | 4019 | ||
| 003 | GE_BSU | ||
| 005 | 20190523150745.0 | ||
| 008 | 181216s1989||||ge |||||||||||||| ||geo|| | ||
| 040 | _cGE_BSU | ||
| 041 | _ageo | ||
| 080 | _a517.5(075.8)+517.2/3 ე-77 | ||
| 100 |
_aთოფურია,ს. _91414 |
||
| 245 |
_aერთი ცვლადის ფუნქციის დიფერენციალური აღრიცხვა : თეორია და ამოცანათა კრებული _bსახელმძღვ. / _cს. თოფურია ; ვ . ხოჭოლავა ; მ. გაბიძაშვილი ; რედ : რ.დანელია. |
||
| 264 |
_aთბილისი : _bგანათლება, _c1989. |
||
| 300 |
_a479 გვ :. _c21 სმ. |
||
| 653 | _aერთი ცვლადის ფუნქციის დიფერენციალური აღრიცხვა | ||
| 653 | _aდიფერენციალური აღრიცხვა | ||
| 653 | _aგეპმეტრია | ||
| 700 |
_aხოჭოლავა, ვ _91493 |
||
| 700 |
_aგაბიძაშვილი, მ _91494 |
||
| 700 |
_aდანელია, რ _eრედაქტორი _91505 |
||
| 942 |
_cBK _2udc |
||